Heilpädagogik und soziale Arbeit mit verhaltensauffälligen Kindern und Jugendlichen: eine Einführung
| Main Author: | |
|---|---|
| Format: | Print Book |
| Language: | German |
| Published: |
Freiburg im Breisgau
Lambertus
1992
|
| In: | Year: 1992 |
| Online Access: |
Table of Contents Table of Contents |
| Availability in Tübingen: | Present in Tübingen. IFK: N XIII 234 |
| Check availability: | HBZ Gateway |
| Subito Delivery Service: | Order now. |
| Keywords: |
MARC
| LEADER | 00000cam a2200000 c 4500 | ||
|---|---|---|---|
| 001 | 026996030 | ||
| 003 | DE-627 | ||
| 005 | 20260206192540.0 | ||
| 007 | tu | ||
| 008 | 921021s1992 gw ||||| 00| ||ger c | ||
| 015 | |a 92,N34,0597 |2 dnb | ||
| 015 | |a 92,A45,0360 |2 dnb | ||
| 016 | 7 | |a 920999050 |2 DE-101 | |
| 020 | |a 378410634X |9 3-7841-0634-X | ||
| 035 | |a (DE-627)026996030 | ||
| 035 | |a (DE-603)021414831 | ||
| 035 | |a (DE-576)030090911 | ||
| 035 | |a (DE-599)GBV026996030 | ||
| 035 | |a (OCoLC)256366756 | ||
| 035 | |a (OCoLC)65999482 | ||
| 040 | |a DE-627 |b ger |c DE-627 |e rakwb | ||
| 041 | |a ger | ||
| 044 | |c XA-DE | ||
| 084 | |a PÄ 460 |2 sfb | ||
| 084 | |a SOP 1840 |2 sfb | ||
| 084 | |a S 220 |2 sfb | ||
| 084 | |a 22 |2 sdnb | ||
| 084 | |a 22 |2 sdnb | ||
| 084 | |a 22 |a 11 |a 14 |2 sdnb | ||
| 084 | |a DT 1000 |2 rvk |0 (DE-625)rvk/19974:761 | ||
| 084 | |a DT 7000 |2 rvk |0 (DE-625)rvk/20035:761 | ||
| 084 | |a DT 7100 |2 rvk |0 (DE-625)rvk/160607:761 | ||
| 084 | |a ZY 1760 |2 rvk |0 (DE-625)rvk/158558: | ||
| 084 | |a 80.28 |2 bkl | ||
| 100 | 1 | |a Theunissen, Georg |d 1951- |0 (DE-588)115411445 |0 (DE-627)077232887 |0 (DE-576)163293805 |4 aut | |
| 109 | |a Theunissen, Georg 1951- | ||
| 245 | 1 | 0 | |a Heilpädagogik und soziale Arbeit mit verhaltensauffälligen Kindern und Jugendlichen |b eine Einführung |c Georg Theunissen |
| 264 | 1 | |a Freiburg im Breisgau |b Lambertus |c 1992 | |
| 300 | |a 207 S |b graph. Darst. |c 21 cm | ||
| 336 | |a Text |b txt |2 rdacontent | ||
| 337 | |a ohne Hilfsmittel zu benutzen |b n |2 rdamedia | ||
| 338 | |a Band |b nc |2 rdacarrier | ||
| 500 | |a Literaturverz. S. 181 - 205 | ||
| 583 | 1 | |a Archivierung/Langzeitarchivierung gewährleistet |f PEBW |x XA-DE-BW |2 pdager |5 DE-31 | |
| 650 | 0 | 7 | |0 (DE-588)4030550-8 |0 (DE-627)104360100 |0 (DE-576)208988165 |a Kind |2 gnd |
| 650 | 0 | 7 | |0 (DE-588)4062872-3 |0 (DE-627)106129902 |0 (DE-576)209146427 |a Verhaltensstörung |2 gnd |
| 650 | 0 | 7 | |0 (DE-588)4028859-6 |0 (DE-627)104419199 |0 (DE-576)208979859 |a Jugend |2 gnd |
| 650 | 4 | |a Förderung, Erziehung, Beratung, Kind, Kooperation, Tendenz, Unterricht | |
| 689 | 0 | 0 | |d s |0 (DE-588)4030550-8 |0 (DE-627)104360100 |0 (DE-576)208988165 |a Kind |2 gnd |
| 689 | 0 | 1 | |d s |0 (DE-588)4062872-3 |0 (DE-627)106129902 |0 (DE-576)209146427 |a Verhaltensstörung |2 gnd |
| 689 | 0 | 2 | |d s |0 (DE-588)4077513-6 |0 (DE-627)104598379 |0 (DE-576)209205466 |a Sonderpädagogik |2 gnd |
| 689 | 0 | |5 DE-101 | |
| 689 | 1 | 0 | |d s |0 (DE-588)4028859-6 |0 (DE-627)104419199 |0 (DE-576)208979859 |a Jugend |2 gnd |
| 689 | 1 | 1 | |d s |0 (DE-588)4062872-3 |0 (DE-627)106129902 |0 (DE-576)209146427 |a Verhaltensstörung |2 gnd |
| 689 | 1 | 2 | |d s |0 (DE-588)4077513-6 |0 (DE-627)104598379 |0 (DE-576)209205466 |a Sonderpädagogik |2 gnd |
| 689 | 1 | |5 DE-101 | |
| 689 | 2 | 0 | |d s |0 (DE-588)4030550-8 |0 (DE-627)104360100 |0 (DE-576)208988165 |a Kind |2 gnd |
| 689 | 2 | 1 | |d s |0 (DE-588)4062872-3 |0 (DE-627)106129902 |0 (DE-576)209146427 |a Verhaltensstörung |2 gnd |
| 689 | 2 | 2 | |d s |0 (DE-588)4077513-6 |0 (DE-627)104598379 |0 (DE-576)209205466 |a Sonderpädagogik |2 gnd |
| 689 | 2 | |5 (DE-627) | |
| 689 | 3 | 0 | |d s |0 (DE-588)4028859-6 |0 (DE-627)104419199 |0 (DE-576)208979859 |a Jugend |2 gnd |
| 689 | 3 | 1 | |d s |0 (DE-588)4062872-3 |0 (DE-627)106129902 |0 (DE-576)209146427 |a Verhaltensstörung |2 gnd |
| 689 | 3 | 2 | |d s |0 (DE-588)4077513-6 |0 (DE-627)104598379 |0 (DE-576)209205466 |a Sonderpädagogik |2 gnd |
| 689 | 3 | |5 (DE-627) | |
| 856 | 4 | 2 | |u http://www.gbv.de/dms/hebis-darmstadt/toc/21414831.pdf |m V:DE-603 |m B:DE-17 |q pdf/application |x Verlag |y Inhaltsverzeichnis |3 Inhaltsverzeichnis |7 1 |
| 856 | 4 | 2 | |u http://scans.hebis.de/HEBCGI/show.pl?02141483_toc.pdf |m V:DE-603;B:DE-17 |q application/pdf |3 Inhaltsverzeichnis |7 1 |
| 935 | |i Blocktest | ||
| 935 | |h HEB |i 0501 | ||
| 935 | |h HEB |i 0503 | ||
| 936 | r | v | |a DT 1000 |b Allgemeines und Deutschland |k Pädagogik |k Heilpädagogik, Sonderpädagogik |k Allgemeine einführende Werke, Handbücher, Lexika |k Allgemeines und Deutschland |0 (DE-627)1270710095 |0 (DE-625)rvk/19974:761 |0 (DE-576)200710095 |
| 936 | r | v | |a DT 7000 |b Allgemeines und Deutschland |k Pädagogik |k Heilpädagogik, Sonderpädagogik |k Förderschwerpunkte |k Verhaltensstörung, Verhaltensauffälligkeit |k Allgemeines und Übergreifendes |k Allgemeines und Deutschland |0 (DE-627)1270711164 |0 (DE-625)rvk/20035:761 |0 (DE-576)200711164 |
| 936 | r | v | |a DT 7100 |b Allgemeines und Deutschland |k Pädagogik |k Heilpädagogik, Sonderpädagogik |k Förderschwerpunkte |k Verhaltensstörung, Verhaltensauffälligkeit |k Aufmerksamkeitsstörungen |k Allgemeines und Deutschland |0 (DE-627)1560901160 |0 (DE-625)rvk/160607:761 |0 (DE-576)490901166 |
| 936 | r | v | |a ZY 1760 |b Sport in der Sozialarbeit |k Sport |k Sportpraxis |k Sport für einzelne Gruppen und Bereiche |k Sport in der Sozialarbeit |0 (DE-627)1271525127 |0 (DE-625)rvk/158558: |0 (DE-576)201525127 |
| 936 | b | k | |a 80.28 |j Verhaltensgestörtenpädagogik |0 (DE-627)106422634 |
| 936 | s | n | |a d100 |2 mzub |
| 936 | s | n | |a z300 |2 mzub |
| 936 | s | n | |a c200 |2 mzub |
| 936 | s | n | |a m200 |2 mzub |
| 951 | |a BO | ||
| ELC | |b 1 | ||
| LOK | |0 000 xxxxxcx a22 zn 4500 | ||
| LOK | |0 001 3141044457 | ||
| LOK | |0 003 DE-627 | ||
| LOK | |0 004 026996030 | ||
| LOK | |0 005 20020607000000 | ||
| LOK | |0 008 930222||||||||||||||||ger||||||| | ||
| LOK | |0 040 |a DE-21-110 |c DE-627 |d DE-21-110 | ||
| LOK | |0 852 |a DE-21-110 | ||
| LOK | |0 852 1 |c N XIII 234 |m p |9 00 | ||
| LOK | |0 935 |a k110 | ||
| LOK | |0 936ln |a 8.7.8 | ||
| LOK | |0 938 |k p | ||
| LOK | |0 939 |a 22-02-93 |b l01 | ||
| ORI | |a SA-MARC-krimdoka001.raw | ||
| SIG | |a IFK: N XIII 234 | ||
